Oklahoma Geography Quiz - Sudden Death - Statistics

General Stats
  • This quiz has been taken 225 times
  • The average score is 10 of 20
Answers on the Grid
Answers color-coded by a green-red scale on the quiz's grid according to % correct below.
Amarillo
Appalachian Mountains
Ardmore
Arkansas River
Black Mesa
Branson
Cherokee Nation
Chickasaw Nation
Choctaw Nation
Colorado River
Cuyahoga National Park
Des Moines
Dodge City
Edmond
Enid
Four Corners
Gadsden Purchase
Great Plains
Gulf of Mexico
Historic Route 66
Hot Springs National Park
Las Cruces
Little Rock
Lubbock
Mississippi River
Missouri River
Muscogee Creek Nation
Norman
Oklahoma City
Oklahoma City National Memorial
Osage Reservation
Ouachita Mountains
Ozark Mountains
Pueblo
Red River
Rocky Mountains
Tombstone
Trail of Tears National Historic Trail
Tulsa
Wichita
 
Answer Stats
Answer % Correct
Cherokee Nation
70%
Choctaw Nation
68%
Arkansas River
67%
Ardmore
64%
Chickasaw Nation
61%
Enid
57%
Tulsa
56%
Oklahoma City
55%
Oklahoma City National Memorial
55%
Historic Route 66
53%
Norman
52%
Trail of Tears National Historic Trail
52%
Muscogee Creek Nation
48%
Edmond
46%
Red River
46%
Osage Reservation
45%
Great Plains
44%
Black Mesa
40%
Ouachita Mountains
34%
Ozark Mountains
31%
No matching quizzes found
Score Distribution
Percent of People with Each Score
Percentile by Number Answered
Your Score History
You have not taken this quiz